| 000 | 00383nam a22001457a 4500 | ||
|---|---|---|---|
| 020 | _a9788131503638 | ||
| 082 |
_a004. _bFOR/CO |
||
| 100 |
_aForouzan,Behrouz A. _91320 |
||
| 100 |
_aGilberg,Richard F. _91321 |
||
| 245 | _aComputer Science: A Structured Programming Approach Using C, | ||
| 250 | _a3 rd | ||
| 260 |
_aDelhi _bCengage Learning _c2007 |
||
| 300 | _a1156 | ||
| 942 | _cBBS | ||
| 999 |
_c14744 _d14744 |
||